| 000 | 00608nam a2200241 a 4500 | ||
|---|---|---|---|
| 001 | nice12345678 | ||
| 003 | IN_TiNIC | ||
| 005 | 20260116013037.0 | ||
| 008 | 050524s1982 lona grp 000 0 eng | ||
| 020 |
_a0004840 _c148.2 |
||
| 082 | 0 | 0 |
_a200 _bBRO1 |
| 100 | _aBrown, David | ||
| 245 |
_aAll Their Splendour _b World Faiths the Way to Community |
||
| 260 |
_aLondon _bCollins Religious Pub. _c1982 |
||
| 300 | _a223p | ||
| 500 | _aincludes index and biblioraphy | ||
| 505 | 2 | _aIndex | |
| 650 | _aReligion | ||
| 700 | 1 | _aBrown, David | |
| 902 | _bSRS | ||
| 942 | _cBK | ||
| 999 |
_c9405 _d9405 |
||